Systémes de statistiques de l'eau dan la région de la CEE

Saved in:
Bibliographic Details
Format: Book
Language:French
Published: New York Nations Unies 1987
Edition:1. éd.
Tags: Add Tag
No Tags, Be the first to tag this record!

MARC

LEADER 00000nam a2200000 4500
001 c024074
005 20221219132445.7
041 0 |a fre 
044 |a US 
245 1 0 |a Systémes de statistiques de l'eau dan la région de la CEE 
250 |a 1. éd. 
264 1 |a New York  |b Nations Unies  |c 1987 
300 |a 140 s.